00250nam a2200109Ia 4500008004100000100002000041245003000061250000800091260002500099300000800124650000800132191201s2011 xx 000 0 und d aHAMPTON, John J 0aFinancial Decision Making a4th aNew DelhibPHIc2011 a550 aBBA